Television Brothers - Statistics

General Stats
  • This quiz has been taken 43 times
    23 since last reset
  • The average score is 14 of 33
Answer Stats
Hint Answer % Correct
Everybody Loves ... Raymond
86%
Friends Ross
86%
Shameless Carl Gallagher
77%
Fresh Prince of Bel-Air Carlton
73%
Family Guy Chris
68%
Frasier Niles
68%
Two and a Half Men Charlie
64%
The Brady Bunch Peter
64%
Family Guy Stewie
64%
Roseanne D.J. Conner
59%
Leave it to B... Beaver
55%
Everybody Loves ... Robert
55%
The Brady Bunch Bobby
50%
Married with Children Bud
50%
The Brady Bunch Greg
50%
Two and a Half Men Alan
41%
Modern Family Manny Delgado
41%
Leave it to B... Wally
41%
Boy Meets World Cory Matthews
32%
Supernatural Dean
32%
Roseanne David Healy
27%
Modern Family Mitchell Pritchett
27%
Supernatural Sam
27%
Boy Meets World Eric Matthews
23%
Boy Meets World Jack Hunter
23%
Modern Family Luke Dunphy
23%
Roseanne Mark Healy
23%
Modern Family Joe Pritchett
18%
Shameless Liam Gallagher
18%
Fresh Prince of Bel-air Nicky
18%
Boy Meets World Shawn Hunter
18%
Shameless Ian Gallagher
14%
Shameless Lip Gallagher
9%
No matching quizzes found
Score Distribution
Percent of People with Each Score
Percentile by Number Answered
Your Score History
You have not taken this quiz since the last reset